Chu dịch huyền giải /

Uloženo v:
Podrobná bibliografie
Hlavní autor: Nguyễn Duy Cần
Médium: Sách giấy
Jazyk:Vietnamese
Vydáno: TP.HCM : TP.HCM , 1996
Tagy: Přidat tag
Žádné tagy, Buďte první, kdo otaguje tento záznam!
Thư viện lưu trữ: Thư viện Trường Đại học Đà Lạt
LEADER 00574nam a2200253 4500
001 DLU020012799
005 ##5/30/2000
020 # # |a 978- 
041 # # |a vie 
082 # # |a 181.11  |b NG-C 
090 # # |a 181.11  |b NG-C 
100 # # |a Nguyễn Duy Cần 
245 # # |a Chu dịch huyền giải /  |c Nguyễn Duy Cần 
260 # # |a TP.HCM :  |b TP.HCM ,  |c 1996 
300 # # |a 210 tr.;   |c 19 cm. 
992 # # |a 21400 
994 # # |a DLU 
900 # # |a False 
911 # # |a Administrator 
925 # # |a G 
926 # # |a A 
927 # # |a SH 
980 # # |a Thư viện Trường Đại học Đà Lạt